00914nam a2200253 a 450000100060000000300080000600500170001400800410003103500190007204000320009104100080012308200240013110000330015524500600018825000190024826000660026730000340033350000530036750400290042065000400044994200120048999900170050195201420051870447BD-RjUL20211209082012.0170417s1954 nyua rb 000 0 eng d a(BD-RjUL)70661 aRCDcRCDdEQOdBD-RjULbeng aeng 223a667.2bVIP 19541 aVickerstaff, Thomas.920856114aThe physical chemistry of dyeing /cThomas Vickerstaff  a2nd, rev. ed. aLondon ;bOliver and Boyd ;aNew York :bInterscience,c1954. aviii, 514 p. :bill. ;c25 cm aPublished for Imperial Chemical Industries, Ltd. aIncludes bibliographies. 0aDyes and dyeingxChemistry.9205135 2ddccBK c70447d70447 00102ddc40718NFICaRUCLbRUCLcReadingd1957-10-18ePublishers ltdg0.00l0o667.2 VIP 1954r2017-04-17 00:00:00tC-1w2017-04-17yBK